000 00510nam a2200181Ia 4500
008 151018s9999 xx 000 0 und d
082 _bRBASDV22194
_a891.463
100 _aरावजी आशू
245 _aकाटशह
250 _b1
260 _bडॉल्फिन डायरी पब्ली.
_c1989
300 _a200
600 _aरावजी आशू
630 _aकाटशह
700 _aरावजी आशू
730 _aकाटशह
942 _cBOOK
999 _c1021864
_d1021861